| 000 | 00547nam a22002057a 4500 | ||
|---|---|---|---|
| 003 | SEM | ||
| 999 |
_c72231 _d72231 |
||
| 005 | 20220608074949.0 | ||
| 008 | 220203s2001 us ||||gr|||||00| 0 eng|d | ||
| 040 |
_aSEM _cSEM |
||
| 041 | _aeng | ||
| 080 | _a809.245/M-35 | ||
| 100 | _aMartin Raymond A. | ||
| 245 |
_aAn introduction to biblical hebrew / _cR. A. Martin |
||
| 260 |
_aBangalore : _bTheological publ., _c2001. |
||
| 300 |
_aVI+168 p. ; _c24 cm |
||
| 504 | _aVocabulary p.: 129-166; Index p.: 167-168 | ||
| 650 | _aHebrew | ||
| 653 | _aՍԷՄ | ||
| 942 |
_2udc _cBK |
||